Т.3 : Повести, очерк, пьеса, киносценарий; Сочинения

書誌詳細
Parent link:Сочинения: в 3 т./ Г. Н. Троепольский. Т.3 : Повести, очерк, пьеса, киносценарий.— , 1977-1978
言語:ロシア語
出版事項: 1978
主題:
フォーマット: 図書
KOHA link:https://koha.lib.tpu.ru/cgi-bin/koha/opac-detail.pl?biblionumber=371689

MARC

LEADER 00000nam2a2200000 4500
001 371689
005 20231102012414.0
035 |a (RuTPU)RU\TPU\retro\29099 
035 |a RU\TPU\retro\29098 
090 |a 371689 
100 |a 20221103d1978 m y0rusy50 ca 
101 0 |a rus 
102 |a RU 
105 |a a z 001zy 
200 0 |a Т.3 : Повести, очерк, пьеса, киносценарий  |f Г. Н. Троепольский 
210 |d 1978 
215 |a 527 с.  |c ил. 
320 |a Примечания: с. 521-526 
461 1 |0 (RuTPU)RU\TPU\retro\29096  |t Сочинения  |o в 3 т.  |f Г. Н. Троепольский  |v Т.3 : Повести, очерк, пьеса, киносценарий  |d 1977-1978 
606 1 |a Русская литература современная  |2 stltpush  |3 (RuTPU)RU\TPU\subj\26373  |9 50316 
610 1 |a художественная литература 
610 1 |a советская литература 
610 1 |a повести 
610 1 |a пьесы 
610 1 |a очерки 
610 1 |a киносценарии 
675 |a Р2  |v 4 
801 1 |a RU  |b 63413507  |c 20221103 
801 2 |a RU  |b 63413507  |c 20230110  |g RCR 
942 |c BK